00645nam a2200193Ia 4500008004100000020001800041082001800059100002000077245003700097250000700134260004600141300002700187500001900214600003300233650002600266942000700292952013500299999001700434240925s9999 xx 000 0 und d a9780199064380 a954.91053 LOD aNot - Available 0aPakistan Beyond the Crisis State aNA aKarachi:bOxford University Pressc,2011. axi, 272p.b0fOriginal aIncludes Index aHumanities & Natural Science aHistory and Geography cBK 001040708HUMaUITUbUITUd2017-03-27eRoyal Book Companyg695.00l0o954.91053 LODpQ11204r2024-09-25 07:15:59w2024-09-25yBK c13703d13703